Literárna výchova 5 pre 5. ročník základných škôl. /

Uložené v:
Podrobná bibliografia
Hlavný autor: Petríková, Daniela (Author)
Médium: Kniha
Jazyk:Slovak
Vydané: Bratislava : Poľana, vydavateľstvo, 2000
Vydanie:2. vyd.(v Poľane 1).
Témy:
ISBN: 8089002056 (brož.)
Fyzický popis: 200 s.
Tagy: Pridať tag
Žiadne tagy, Buďte prvý kto otaguje tento záznam!

MARC

LEADER 00000nam a2200000 a 4500
001 000058621
003 SVKK
005 20001027000000.0
008 000905s2000 xo e sloo
020 |a 8089002056 (brož.) 
040 |a SVKKK  |b slo  |c SVKKK  |e AACR2 
041 0 |a slo 
044 |a xo  |c SK 
080 |a 885.4(075.2)  |2 1997 
100 1 |a Petríková, Daniela  |4 aut 
245 1 0 |a Literárna výchova 5 pre 5. ročník základných škôl. /  |c Daniela Petríková...[et al.] 
250 |a 2. vyd.(v Poľane 1). 
260 |a Bratislava :  |b Poľana, vydavateľstvo,  |c 2000 
300 |a 200 s. 
653 0 |a výchova literárna  |2 SVKKKPH 
653 0 |a učebnice základných škôl  |2 SVKKKPH 
655 7 |a učebnice  |2 SVKKKPH 
910 |a svkkk 
919 |a 80-89002-05-6 
974 |a UH  |d 20001006 
974 |a KL  |d 20000929 
974 |a MI  |d 20001027 
998 |a BK 
090 |g SCKHL  |k Sklad Pribinova prízemie  |a IV.183295  |j 934814  |i 2720188720  |s Absenčne